000 01416cam a2200373 a 4500
001 13379925
003 Nust
005 20220831114919.0
008 031022r20031977nyub 000 1 eng d
010 _a 2003277208
020 _a1904233414 (pbk.)
_cRs. 436
035 _a(OCoLC)ocm52936738
038 _aArshad
040 _aIG#
_cIG#
_dDLC
042 _alccopycat
050 0 0 _aPS3552.R6596
_bD73 2003
082 0 0 _a823
_bBRO
100 1 _aBrooks, Terry.
_911784
245 1 4 _aThe Druids' keep /
_cTerry Brooks.
250 _a1st Ballantine Digest ed.
260 _aNew York :
_bDel Rey, Ballantine Books,
_c2003.
300 _a244 p. :
_bmap ;
_c20 cm.
490 1 _aThe sword of Shannara ;
_vpt. 2
650 0 _aShannara (Imaginary place)
_vFiction.
_911787
650 0 _aElves
_vFiction.
_911788
655 7 _aFantasy fiction.
_2gsafd
_91087
800 1 _aBrooks, Terry.
_tSword of Shannara ;
_vpt. 2.
_911789
856 4 2 _3Contributor biographical information
_uhttp://www.loc.gov/catdir/bios/random055/2003277208.html
856 4 1 _3Sample text
_uhttp://www.loc.gov/catdir/samples/random051/2003277208.html
856 4 2 _3Publisher description
_uhttp://www.loc.gov/catdir/description/random0414/2003277208.html
906 _a7
_bcbc
_ccopycat
_d2
_encip
_f20
_gy-gencatlg
942 _2ddc
_cBK
999 _c173279
_d173279